| 000 | 00000nas##2200000za#4500 |
|---|---|
| 001 | 9.513140 |
| 003 | CaOODSP |
| 005 | 20200331215457 |
| 007 | ta |
| 008 | 150406c2001||||xxc|| m #||||f| |0fre|d |
| 040 | |aCaOODSP|bfre |
| 043 | |an-cn--- |
| 086 | 1 |aM92-213F |
| 110 | 1 |aCanada.|bRessources naturelles Canada. |bDirection des ressources énergétiques. |
| 245 | 10|aSérie sur la bioénergie |
| 260 | |aOttawa - Ontario : |bRessources naturelles Canada. |
| 563 | |aCouverture souple |
| 775 | 08|tBioenergy series |w(CaOODSP)9.514787 |
| 776 | 0#|tSérie sur la bioénergie |w(CaOODSP)9.501107 |